Tracking Economic and Financial Policies During COVID-19 : An Announcement-Level Database /

We introduce a new comprehensive announcement-level database tracking the extraordinary fiscal, monetary, prudential, and other policies that countries adopted in response to Covid-19. The database provides detailed information, including sizes where available, for 28 granular policies adopted by 74...

Πλήρης περιγραφή

Λεπτομέρειες βιβλιογραφικής εγγραφής
Κύριος συγγραφέας: Kirti, Divya
Άλλοι συγγραφείς: Liu, Yang, Martinez Peria, Soledad, Mishra, Prachi.
Μορφή: Επιστημονικό περιοδικό
Γλώσσα:English
Έκδοση: Washington, D.C. : International Monetary Fund, 2022.
Σειρά:IMF Working Papers; Working Paper ; No. 2022/114
Θέματα:
Διαθέσιμο Online:Full text available on IMF
LEADER 02432cas a2200337 a 4500
001 AALejournalIMF022951
008 230101c9999 xx r poo 0 0eng d
020 |c 20.00 USD 
020 |z 9798400213069 
022 |a 1018-5941 
040 |a BD-DhAAL  |c BD-DhAAL 
100 1 |a Kirti, Divya. 
245 1 0 |a Tracking Economic and Financial Policies During COVID-19 :   |b An Announcement-Level Database /  |c Divya Kirti, Yang Liu, Soledad Martinez Peria, Prachi Mishra. 
264 1 |a Washington, D.C. :  |b International Monetary Fund,  |c 2022. 
300 |a 1 online resource (29 pages) 
490 1 |a IMF Working Papers 
500 |a <strong>Off-Campus Access:</strong> No User ID or Password Required 
500 |a <strong>On-Campus Access:</strong> No User ID or Password Required 
506 |a Electronic access restricted to authorized BRAC University faculty, staff and students 
520 3 |a We introduce a new comprehensive announcement-level database tracking the extraordinary fiscal, monetary, prudential, and other policies that countries adopted in response to Covid-19. The database provides detailed information, including sizes where available, for 28 granular policies adopted by 74 countries during 2020. About 5,500 policy measures were announced during this period. Importantly, the database is organized and presented in a format easy for researchers to use in empirical analyses. Announcements were highly correlated across the broad fiscal, monetary, and prudential categories and at more granular levels. Advanced economies (AEs) introduced larger fiscal measures than emerging and developing economies (EMDEs) and relied primarily on large unconventional monetary policies. Bank capital requirements were relaxed widely in both AEs and EMs, while relaxation of provisioning requirements was more common among EMs. Supervisory expectations and reporting requirements were widely relaxed. 
538 |a Mode of access: Internet 
650 7 |a Banks  |2 imf 
650 7 |a Central Banks and Their Policies  |2 imf 
650 7 |a Depository Institutions  |2 imf 
650 7 |a Fiscal Policy  |2 imf 
650 7 |a Monetary Policy  |2 imf 
700 1 |a Liu, Yang. 
700 1 |a Martinez Peria, Soledad. 
700 1 |a Mishra, Prachi.. 
830 0 |a IMF Working Papers; Working Paper ;  |v No. 2022/114 
856 4 0 |z Full text available on IMF  |u https://elibrary.imf.org/openurl?genre=journal&issn=1018-5941&volume=2022&issue=114  |z IMF e-Library